| 000 | 00596nam a2200193Ia 4500 | ||
|---|---|---|---|
| 999 |
_c14703 _d14703 |
||
| 003 | OSt | ||
| 005 | 20260305114705.0 | ||
| 008 | 190216s9999||||xx |||||||||||||| ||und|| | ||
| 020 | _a9780195685961 | ||
| 040 | _coclc | ||
| 082 |
_a894.81271 _bNAI/N |
||
| 100 | 1 |
_aVāsudēvan Nāyar, Eṃ. Ti., _d1933- _99426 |
|
| 245 | 0 |
_aNaalukettu The House Around The Courtyard / _cM T Vasudevan Nair |
|
| 250 | _a9th Edi. | ||
| 260 |
_bOxford University Press , _c2012. _aNew Delhi: |
||
| 300 | _a208p | ||
| 650 | _aEnglish | ||
| 942 |
_cBK _2ddc _h894.81271 _iNAI/N _k894.81271 _mNAI/N |
||